MARC

LEADER 00000cam a2200000 7i4500
001 0000003284
005 20050819.0
020 0 0 |a 9280810553 (pbk.) 
090 0 0 |a 382.92   |b ROL 
245 1 4 |a The role of the World Trade Organization in global governance   |c edited by Gary P. Sampson. 
260 0 0 |a Tokyo   |a New York :   |b United Nations University Press ,   |c c2001. 
300 |a x, 298 p. ;   |c 23 cm. 
610 2 0 |a World Trade Organization 
610 2 0 |a World Trade Organization   |z Developing countries 
650 0 0 |a Commercial policy. 
650 0 0 |a Foreign trade regulation. 
650 0 0 |a Free trade   |x Environmental aspects. 
650 0 0 |a Free trade   |x Social aspects 
650 0 0 |a Globalization. 
650 0 0 |a International economic relations. 
700 1 1 |a Sampson, Gary P. 
999 |a 0000006238   |b Monograph   |c Open Shelf   |e Default branch